LEADER 01271nam--2200373---450 001 990005969590203316 005 20200721070026.0 010 $a978-88-7075-748-4 035 $a000596959 035 $aUSA01000596959 035 $a(ALEPH)000596959USA01 035 $a000596959 100 $a20141014d2013----km-y0itay50------ba 101 $aita 102 $aIT 105 $a||||||||001yy 200 1 $a<> spazio della biblioteca$eculture e pratiche del progetto tra architettura e biblioteconomia$fa cura di Maurizio Vivarelli$gcollaborazione di Raffaella Magnano$gprefazione di Giovanni Solimine$gpostfazione di Giovanni Di domenico 210 $aMilano$cBibliografica$d2013 215 $a532 p.$d25 cm 225 2 $aBibliografia e biblioteconomia$iSpirali 410 0$aBibliografia e biblioteconomiaSpirali$iSpirali 606 0 $aBiblioteche pubbliche$xProgettazione$2BNCF 676 $a727.824 702 1$aMAGNANO,$bRaffaella 702 1$aSOLIMINE,$bGiovanni 702 1$aDI DOMENICO,$bGiovanni 702 1$aVIVARELLI,$bMaurizio 801 0$aIT$bsalbc$gISBD 912 $a990005969590203316 951 $aI.2.B. 1009$b246648 L.M.$cI.2.B.$d357742 959 $aBK 969 $aUMA 996 $aSpazio della biblioteca$957728 997 $aUNISA LEADER 01084nam0-22003731i-450 001 990001837140403321 005 20201021115211.0 010 $a88-206-4264-6 035 $a000183714 035 $aFED01000183714 035 $a(Aleph)000183714FED01 035 $a000183714 100 $a20021010d2000----km-y0itay50------ba 101 1 $aita$cfre 102 $aIT 105 $aa 001yy 200 1 $aSemi di latifoglie forestali$edalla raccolta alla semina$fBoleslaw Suszka, Claudine Muller, Marc Bonnet Masimbert 210 $aBologna$cCalderini Edagricole$d2000 215 $aXXX, 321 p.$cill.$d23 cm 610 0 $aLatifoglie 610 0 $aAngiospermae 676 $a582.16 676 $a583$v23$zita 700 1$aSuszka,$bBoleslaw$0357864 701 1$aBonnet Masimbert,$bMarc$080724 701 1$aMuller,$bClaudine$080725 801 0$aIT$bUNINA$gRICA$2UNIMARC 901 $aBK 912 $a990001837140403321 952 $a60 583 SUSB 2000$b7704$fFAGBC 959 $aFAGBC 996 $aSemi di latifoglie forestali$977376 997 $aUNINA DB $aING01